Entremes de las cortesias (Record no. 137346)

MARC details
000 -CABECERA
campo de control de longitud fija 02416nam a2200469 a 4500
001 - NÚMERO DE CONTROL
campo de control 991016974309706706
003 - IDENTIFICADOR DEL NÚMERO DE CONTROL
campo de control ES-BaIT
005 - FECHA Y HORA DE LA ÚLTIMA TRANSACCIÓN
campo de control 20260402120602.0
008 - DATOS DE LONGITUD FIJA--INFORMACIÓN GENERAL
campo de control de longitud fija 900725s1750 spc 000 d spa c
026 ## - IDENTIFICADOR DE HUELLA DIGITAL
Huella digital no analizada ase, e,s. e.r? ::e! C [1750] Q
Fuente fei
035 ## - NÚMERO DE CONTROL DEL SISTEMA
Número de control de sistema (ES-BaCBU).b44273800
040 ## - FUENTE DE LA CATALOGACIÓN
Centro catalogador/agencia de origen ES-BaAHC
Lengua de catalogación cat
Centro/agencia transcriptor ES-BaAHC
080 ## - NÚMERO DE LA CLASIFICACIÓN DECIMAL UNIVERSAL
Número de la Clasificación Decimal Universal 860-2"17"
245 00 - MENCIÓN DE TÍTULO
Título Entremes de las cortesias
246 3# - FORMA VARIANTE DE TÍTULO
Título propio/Titulo breve Las Cortesias
260 ## - PUBLICACIÓN, DISTRIBUCIÓN, ETC.
Lugar de publicación, distribución, etc. Con licencia. Barcelona :
Nombre del editor, distribuidor, etc. En la imprenta de Pedro Escudèr, en la calle Condál,
Fecha de publicación, distribución, etc. [ca.1750]
300 ## - DESCRIPCIÓN FÍSICA
Extensión 8 p. ;
Dimensiones 16 cm
500 ## - NOTA GENERAL
Nota general Lloc i menció de public. obtingut del colofó. Data aprox. deduïda de l'època de treball de l'imp.
500 ## - NOTA GENERAL
Nota general Sign.: [ ]⁴
500 ## - NOTA GENERAL
Nota general Reclams
500 ## - NOTA GENERAL
Nota general Fris a la primera pàgina
500 ## - NOTA GENERAL
Nota general P8: D3. H5
530 ## - NOTA DISPONIBLE DE FORMULARIO FÍSICO ADICIONAL
Nota de formato físico adicional disponible Reproducció digital disponible a Biblioescènic
593 ## - Camps col·lecció exemplar
Signatura topogràfica i/o núm. de registre VIT-050/05
Notes Enquadernació holandesa amb puntes de color marró, nervis, guardes marbrejades, daurat al llom: Fernández / Guerra / Entremeses / VIII. Etiqueta d'antic topogràfic al full de guarda volant anterior: Vitrina A Estante 2. Sumari manuscrit als fulls de guarda anterior de les obres que conté el volum. Relligat a la col·lecció factícia: Fernández / Guerra / Entremeses / VIII
Història de l’exemplar. Procedència Ex-libris de la Colección Teatral Arturo Sedó a la contracoberta anterior . Segell de la Colección teatral Arturo Sedó a portada. Procedència Fernández- Guerra
Digitalització Exemplar digitalitzat per Crossland, 2022
Nom de la col·lecció especial Artur Sedó
650 #4 - PUNTO DE ACCESO ADICIONAL DE MATERIA--TÉRMINO DE MATERIA
Término de materia o nombre geográfico como elemento de entrada Entremès
650 #4 - PUNTO DE ACCESO ADICIONAL DE MATERIA--TÉRMINO DE MATERIA
Término de materia o nombre geográfico como elemento de entrada Entremesos
Subdivisión cronológica S. XVIII
700 1# - ENTRADA AGREGADA--NOMBRE PERSONAL
Nombre de persona Escuder, Pere
Fechas asociadas al nombre -1761
Término indicativo de función/relación impressor
9 (RLIN) 95130
730 0# - ENTRADA AGREGADA--TÍTULO UNIFORME
Título uniforme Col·lecció digital Biblioescènic del MAE
9 (RLIN) 69172
752 ## - ENTRADA AGREGADA--NOMBRE JERÁRQUICO DEL LUGAR
País o entidad superior Catalunya
Ciudad Barcelona
856 41 - LOCALIZACIÓN Y ACCESO ELECTRÓNICOS
Nota pública Accés lliure (Biblioescènic)
Identificador Uniforme del Recurso <a href="https://books.cdmae.cat/visorpdf/?recurs=SV0050-05">https://books.cdmae.cat/visorpdf/?recurs=SV0050-05</a>
856 42 - LOCALIZACIÓN Y ACCESO ELECTRÓNICOS
Nota pública Fitxa del catàleg manual
Identificador Uniforme del Recurso <a href="https://www.cdmae.cat/sedo/imgtitulos/017/P0001101.gif">https://www.cdmae.cat/sedo/imgtitulos/017/P0001101.gif</a>
856 42 - LOCALIZACIÓN Y ACCESO ELECTRÓNICOS
Nota pública Fitxa del catàleg manual
Identificador Uniforme del Recurso <a href="https://www.cdmae.cat/sedo/imgtitulos/017/P0001102.gif">https://www.cdmae.cat/sedo/imgtitulos/017/P0001102.gif</a>
856 42 - LOCALIZACIÓN Y ACCESO ELECTRÓNICOS
Nota pública Fitxa del catàleg manual
Identificador Uniforme del Recurso <a href="https://www.cdmae.cat/sedo/imgtitulos/017/P0001103.gif">https://www.cdmae.cat/sedo/imgtitulos/017/P0001103.gif</a>
902 ## - ELEMENTOS DE DATOS B LOCAL, LDB (RLIN)
a Patrimoni
902 ## - ELEMENTOS DE DATOS B LOCAL, LDB (RLIN)
a Fons antic
907 ## - ELEMENTOS DE DATOS G LOCAL, LDG (RLIN)
a .b44273800
b 21-06-21
c 07-07-10
d 07-07-10
e m
f a
g p
h spa
i spc
j 0
k 0
908 ## - COLOCAR PARÁMETRO DE COMANDO (RLIN)
Colocar parámetro de comando AHCB
910 1# - DATOS DE OPCIÓN DEL USUARIO (OCLC)
Datos de opción del usuario Escuder, Pere,
940 ## - EQUIVALENCIA O REFERENCIA-CRUZADA--TÍTULO UNIFORME [OBSOLETO] [solamente CAN/MARC]
Título uniforme <a href="BNE">BNE</a>
-- <a href="CDMAE">CDMAE</a>
942 ## - ELEMENTOS DE ENTRADA AGREGADA (KOHA)
Fuente del sistema de clasificación o colocación Clasificación decimal universal
Tipo de ítem Koha Digital
Holdings
Estado de retiro Estado de pérdida Fuente del sistema de clasificación o colocación Estado dañado No para préstamo Código de colección Localización permanente Ubicación/localización actual Ubicación en estantería Fecha de adquisición Fuente de adquisición Total de préstamos Signatura topográfica completa Código de barras Fecha visto por última vez Precio válido a partir de Tipo de ítem Koha
    Clasificación decimal universal   Exclòs de préstec Artur Sedó. Col·lecció Fernández Guerra Biblioteca Barcelona Biblioteca Barcelona BCN Magatzem Sedó Vitrina 02/04/2026 Reconversió   VIT-050/05 1000050055 02/04/2026 02/04/2026 Antiquària

Powered by Koha